| 000 | 00643nam a2200229 a 4500 | ||
|---|---|---|---|
| 001 | BRCA_5822 | ||
| 005 | 20190320205228.0 | ||
| 008 | 110311s187u----gw-a######---#000-0#ger-# | ||
| 041 | _ager | ||
| 044 | _agw | ||
| 050 | 4 |
_aND631 _b.F76 1870 |
|
| 100 | 1 |
_aFromentin, Eugène _914745 |
|
| 245 | 1 | 0 |
_aDie alten Meister Belgien-Holland _cvon Eugène Fromentin. |
| 260 |
_aPotsdam, Alemania _bG. Kiepenheuer _c[187?] |
||
| 300 |
_a366 p. _bil., 40 láminas _c19 cm. |
||
| 500 | _aG32 | ||
| 650 | 1 | 4 |
_aPintura _zPaíses Bajos _913692 |
| 650 | 1 | 4 |
_aPintores belgas _914746 |
| 650 | 1 | 4 |
_aPintores holandeses _914747 |
| 902 | _aGFM | ||
| 942 |
_2lcc _cB |
||
| 999 |
_c5511 _d5511 |
||